| 000 | 01586cad a22002535a 4500 | ||
|---|---|---|---|
| 001 | E144025 | ||
| 008 | 080612s2006 xxk f 000 0 eng d | ||
| 020 | _a0954054059 | ||
| 035 | _a(Sirsi) u144025 | ||
| 041 | 0 | _aeng | |
| 050 | 0 | 4 | _a690.241 $2 18 |
| 110 | 2 |
_aScottish Civic Trust _92679 |
|
| 245 | 0 | 0 |
_aNew uses for former church buildings _ba study of inspiration and hope _h[electronic resource] |
| 260 |
_aGlasgow _bScottish Civic Trust _c2006 |
||
| 300 |
_a37p. _bcol. ill. _c30cm. |
||
| 505 | 2 | _aSummary -- Why do churches become redundant? -- Why save a church building? -- Adaptability -- Commercial use -- Educational use -- 101 uses for an old church -- Recreational use -- Residential use -- Multiple use -- Other alternatives -- Conclusions -- The Buildings at Risk Service -- Statistics on churches at risk -- The work of the Scottish Civic Trust -- Related organisations and useful links -- Contributors' websites | |
| 520 | _aUses research carried out by the Scottish Civic Trust to discuss examples of the re-use of redundant church buildings in Scotland. Lists 130 potential new uses for such buildings, and suggests that finding an alternative use may not be as difficult as some anticipate. Includes case studies. | ||
| 521 | _aIntroductory | ||
| 590 | _aKA | ||
| 651 | 4 |
_aScotland _y1999- |
|
| 690 | _aPROPERTY-OTHER PROPERTY TYPES-RELIGIOUS PROPERTY-CHURCH AND CHAPEL PROPERTY | ||
| 856 | 4 | 1 |
_uhttps://www.scottishcivictrust.org.uk/media/91669/churches%20publication%20(web).pdf _zView the item free of charge at www.scottishcivictrust.org.uk |
| 942 | _n0 | ||
| 999 |
_c108356 _d108356 |
||